000 002610000a22000970004500
100 1 _aAthyal, Saphir
245 1 0 _aHolistic development in India with a good script and a tape player
300 _aNúm 57 (1998), Páginas 19-23
773 0 _tTogether
942 _cANA
999 _c57135
_d57135